00535nam a2200181 a 45000010010000000030011000100080041000210350026000620820016000881000022001042450027001262600039001536500024001929420012002169520090002289980020003189990015003380000-9316ELIB.Books110520 1935  a(ELIB.Books)0000-9468 a268.6 bCam aCampbell, Doak S. aWhen Do Teachers Teach bNashville: Convention Press c1935 aChristian Education 2ddccBK 00102ddc4070aKBTSbKBTSd2011-05-20l0p6982r2022-01-22 00:00:00w2022-01-22yBK cbate2011-05-20 c9316d9316